000 00562 a2200181 4500
999 _c5850
_d5850
010 _aENG-86978
020 _a8180545522
_c125.00
035 _aEN-70511
037 _bDBAD / PUB
082 1 4 _a347.7
100 1 _aKapoor, G.K.
245 1 _aMercantile laws :
_cby G. K. Kapoor
_bfor common proficiency test /
250 _a2nd ed
260 _aNew Delhi
_bSultan Chand
_c2007
270 _a23, Daryaganj
_bNew Delhi
_e110 002
_k23243183, 23247051
_l011-23266357
300 _axiv, 252, MTP-27 p
_c24 cm (Pbk)
942 _adpl
_cEN
_2ddc
_h347.7
_mKAP